| 000 | 00443nam a22001457a 4500 | ||
|---|---|---|---|
| 005 | 20160203151112.0 | ||
| 008 | 160203b xxu||||| |||| 00| 0 eng d | ||
| 050 | _aSPC S328.M135 1909 | ||
| 100 |
_aMcDonald, James G. _921983 |
||
| 245 |
_aHints to South African farmers _cby McDonald, James G. |
||
| 260 |
_aLondon _bBradbury and Agnew _c1909 |
||
| 300 |
_avii, 98p.; _c22cm. |
||
| 650 |
_aFarming _zSouth Africa _921984 |
||
| 942 |
_2lcc _cSPC |
||
| 999 |
_c124097 _d124097 |
||